Countries of Africa By Flags Quiz - Statistics

General Stats
  • This quiz has been taken 2,588 times
    2,583 since last reset
  • The average score is 28 of 54
Answer Stats
Picture Answer % Correct
Egypt
96%
South Africa
88%
Kenya
81%
Ghana
75%
Nigeria
71%
Liberia
69%
Ivory Coast
68%
Niger
67%
Algeria
66%
Eswatini
65%
Ethiopia
65%
Morocco
65%
Somalia
63%
Tunisia
62%
Seychelles
60%
Angola
59%
Chad
58%
Cape Verde
57%
Sudan
57%
Uganda
57%
Madagascar
53%
Zimbabwe
53%
Cameroon
52%
Comoros
52%
Botswana
50%
Lesotho
50%
Libya
50%
Rep. of the Congo
50%
Senegal
49%
Central African Republic
48%
Eritrea
47%
Mozambique
47%
Burkina Faso
46%
Burundi
46%
D.R Congo
46%
Gabon
46%
Malawi
45%
South Sudan
44%
Zambia
44%
Djibouti
42%
Tanzania
42%
Mauritius
41%
Rwanda
41%
Benin
40%
Equatorial Guinea
40%
Mauritania
40%
Gambia
38%
Mali
38%
Sao Tome and Principe
36%
Sierra Leone
36%
Togo
36%
Guinea
35%
Guinea-Bissau
35%
Namibia
35%
No matching quizzes found
Score Distribution
Percent of People with Each Score
Percentile by Number Answered
Your Score History
You have not taken this quiz since the last reset